[Event "EYg18, Budva YUG"]
[Site "?"]
[Date "2003.??.??"]
[Round "1"]
[White "Meshcheriakova, E."]
[Black "Belko, I."]
[Result "1-0"]
[WhiteElo "2255"]
[BlackElo "2015"]
[PlyCount "133"]
[EventDate "2003.??.??"]

1. e4 e6 2. d4 d5 3. Nd2 c5 4. exd5 Qxd5 5. Ngf3 cxd4 6. Bc4 Qd6 7. Qe2 Nf6 8.
Nb3 Nc6 9. Bg5 Be7 10. O-O-O a6 11. Nbxd4 Nxd4 12. Nxd4 Qc5 13. h4 Bd7 14. Nf3
Bb5 15. Ne5 O-O 16. Kb1 Bxc4 17. Nxc4 Rac8 18. Ne5 Rfd8 19. Rhe1 Qb6 20. Nd7
Qc7 21. Nxf6+ Bxf6 22. Bxf6 gxf6 23. g3 Rxd1+ 24. Rxd1 Rd8 25. Rxd8+ Qxd8 26.
Qf3 Qd7 27. Kc1 Qe7 28. c3 Kg7 29. Kc2 Qd7 30. Qg4+ Kf8 31. b3 Qd5 32. Qf4 Kg7
33. c4 Qa5 34. Kb2 Qe1 35. Qd4 Qe2+ 36. Ka3 Qc2 37. Qb6 Qc1+ 38. Ka4 Qc2 39. a3
Qe4 40. Qc5 Qf3 41. b4 Qd1+ 42. Ka5 Qb3 43. Kb6 Qxa3 44. Kxb7 e5 45. Qb6 Qf3+
46. Kxa6 Qa8+ 47. Kb5 Qe8+ 48. Kc5 Qe7+ 49. Kc6 Qe6+ 50. Kb5 Qe8+ 51. Qc6 Qb8+
52. Kc5 Qa7+ 53. Qb6 Qe7+ 54. Kb5 Qe8+ 55. Qc6 Qb8+ 56. Ka4 Qa7+ 57. Kb3 Qxf2
58. b5 Qd4 59. b6 Qd3+ 60. Ka4 e4 61. b7 Qc2+ 62. Ka5 Qc3+ 63. Ka6 Qa1+ 64. Kb6
e3 65. b8=Q e2 66. Qf4 Qb1+ 67. Kc7 1-0

[Event "EYg18, Budva YUG"]
[Site "?"]
[Date "2003.??.??"]
[Round "1"]
[White "Haecker, S."]
[Black "Worek, J."]
[Result "0-1"]
[WhiteElo "1985"]
[BlackElo "2240"]
[PlyCount "116"]
[EventDate "2003.??.??"]

1. e4 c5 2. Nc3 Nc6 3. f4 g6 4. Nf3 Bg7 5. g3 e6 6. Bg2 Nge7 7. d3 O-O 8. O-O
Rb8 9. Be3 d6 10. Rb1 b5 11. a3 a5 12. d4 b4 13. axb4 axb4 14. Ne2 Ba6 15. Rf2
c4 16. Nc1 d5 17. Ne5 dxe4 18. Bxe4 Nxe5 19. fxe5 Bxe5 20. Ne2 Bg7 21. c3 Bb7
22. Bxb7 Rxb7 23. Bd2 Nf5 24. Qc2 b3 25. Qe4 Ra7 26. Nf4 Qc7 27. Ng2 Nd6 28.
Qh4 Qc6 29. Re1 Ra4 30. Bf4 Nf5 31. Qg4 Rfa8 32. Be5 Ra1 33. Ref1 Rxf1+ 34.
Rxf1 Bf8 35. Qf4 Bh6 36. Qf2 Qe4 37. Re1 Qg4 38. Nf4 Bg7 39. Kg2 Bxe5 40. dxe5
Nh4+ 41. Kf1 Nf3 42. h3 Qf5 43. Qxf3 Ra2 44. Qf2 g5 45. Ne2 Qxh3+ 46. Kg1 Rxb2
47. Qf6 Qf5 48. Qd8+ Kg7 49. Qd4 Qd3 50. Qf2 Qg6 51. Rf1 Rc2 52. Qe3 h6 53. Nd4
Ra2 54. Rf6 Qh5 55. Rf2 Ra1+ 56. Rf1 b2 57. Qe4 Rxf1+ 58. Kxf1 Qd1+ 0-1

[Event "EYg18, Budva YUG"]
[Site "?"]
[Date "2003.??.??"]
[Round "1"]
[White "Motoc, A."]
[Black "Seps, M."]
[Result "1/2-1/2"]
[WhiteElo "2385"]
[BlackElo "2075"]
[PlyCount "83"]
[EventDate "2003.??.??"]

1. d4 d5 2. c4 c6 3. Nf3 Nf6 4. Nc3 e6 5. Bg5 dxc4 6. e4 b5 7. e5 h6 8. Bh4 g5
9. Nxg5 hxg5 10. Bxg5 Nbd7 11. exf6 Qb6 12. g3 Bb7 13. Bg2 O-O-O 14. O-O c5 15.
d5 b4 16. Ne2 exd5 17. Nf4 d4 18. Nd5 Bxd5 19. Bxd5 Ne5 20. Be4 Bh6 21. f4 Bxg5
22. fxe5 Be3+ 23. Kg2 Kb8 24. Qf3 Qe6 25. Qf5 Rhe8 26. Qxe6 Rxe6 27. Rf5 d3 28.
Rd1 Ra6 29. Kf3 Bd4 30. b3 Rxa2 31. bxc4 d2 32. Ke2 Bc3 33. e6 fxe6 34. Rxc5
Rf8 35. g4 Rxf6 36. g5 Rf4 37. Bb1 Ra6 38. g6 Rg4 39. Kf3 Rd4 40. g7 Rd8 41.
Rg5 Rg8 42. Bh7 1/2-1/2

[Event "EYg18, Budva YUG"]
[Site "?"]
[Date "2003.??.??"]
[Round "1"]
[White "Vranesevic, D."]
[Black "Korbut, E."]
[Result "0-1"]
[WhiteElo "2045"]
[BlackElo "2315"]
[PlyCount "68"]
[EventDate "2003.??.??"]

1. e4 c5 2. Nc3 g6 3. f4 Bg7 4. Nf3 Nc6 5. Bb5 Nd4 6. Bc4 e6 7. e5 d5 8. exd6
Qxd6 9. d3 Nf6 10. Nb5 Nxb5 11. Bxb5+ Nd7 12. a4 O-O 13. O-O a6 14. Bc4 b6 15.
Qe1 Bb7 16. Ng5 Qc6 17. Qg3 b5 18. Ba2 c4 19. dxc4 bxc4 20. Qh3 h6 21. Nf3 Qxa4
22. c3 Rad8 23. Be3 Bd5 24. Nd4 Nf6 25. f5 exf5 26. Bxh6 Be6 27. Bg5 Rb8 28.
Bb3 Qd7 29. Ba4 Qa7 30. Qh4 Ng4 31. Be7 Rxb2 32. Bxf8 Bxd4+ 33. Kh1 Qa8 34. Qg3
Rxg2 0-1

[Event "EYg18, Budva YUG"]
[Site "?"]
[Date "2003.??.??"]
[Round "1"]
[White "Svent, S."]
[Black "Papadopoulou, V."]
[Result "1/2-1/2"]
[WhiteElo "1960"]
[BlackElo "2210"]
[PlyCount "137"]
[EventDate "2003.??.??"]

1. e4 c5 2. Nc3 Nc6 3. g3 g6 4. Bg2 Bg7 5. d3 d6 6. f4 e6 7. Nf3 Nge7 8. O-O
O-O 9. Be3 Nd4 10. Qd2 Rb8 11. Nh4 b5 12. Nd1 b4 13. c3 bxc3 14. bxc3 Nb5 15.
a4 Nc7 16. d4 cxd4 17. Bxd4 Bxd4+ 18. cxd4 d5 19. e5 Nc6 20. Ne3 Qe7 21. Rfc1
Bd7 22. Ng4 Ne8 23. f5 exf5 24. Nh6+ Kh8 25. Bxd5 Nd8 26. Re1 Be6 27. Bf3 Nc7
28. d5 Qc5+ 29. Kh1 Bxd5 30. Qg5 Bxf3+ 31. Nxf3 Qc6 32. Kg1 Rb2 33. Qe7 Qb6+
34. Kh1 Re8 35. Qf6+ Qxf6 36. exf6 Rb6 37. Rxe8+ Nxe8 38. Rd1 Rd6 39. Rxd6 Nxd6
40. Ng5 Ne8 41. Ngxf7+ Nxf7 42. Nxf7+ Kg8 43. Ne5 Nxf6 44. Nc6 a6 45. Nb4 a5
46. Nc6 Nd5 47. Nxa5 Nb6 48. Kg2 Nxa4 49. Kf3 Kg7 50. Nc4 Nc5 51. Ne3 Nd7 52.
h4 Nf6 53. Kf4 h6 54. Nc4 Nh5+ 55. Kf3 Kf6 56. g4 fxg4+ 57. Kxg4 Ng7 58. Ne3
h5+ 59. Kf3 Nf5 60. Ng2 Ke5 61. Kf2 Ke4 62. Ke2 Nd4+ 63. Kf2 Kf5 64. Kg3 Ke4
65. Kf2 Nf5 66. Ke2 Nxh4 67. Nxh4 g5 68. Ng2 h4 69. Nxh4 1/2-1/2

[Event "EYg18, Budva YUG"]
[Site "?"]
[Date "2003.??.??"]
[Round "1"]
[White "Bronnikova, E."]
[Black "Valickova, M."]
[Result "0-1"]
[WhiteElo "2270"]
[BlackElo "2045"]
[PlyCount "128"]
[EventDate "2003.??.??"]

1. e4 e5 2. Nf3 Nc6 3. Bb5 a6 4. Ba4 Nf6 5. O-O Be7 6. Re1 b5 7. Bb3 d6 8. c3
O-O 9. h3 Na5 10. Bc2 c5 11. d4 Bb7 12. d5 Nc4 13. b3 Nb6 14. Nbd2 g6 15. Nf1
Nh5 16. Bh6 Re8 17. Qd2 Bf6 18. Kh2 Bc8 19. Rac1 Nf4 20. Bb1 g5 21. Ne3 Kh8 22.
g3 Nxh3 23. Nf5 Bxf5 24. exf5 g4 25. Rcd1 Rg8 26. Rh1 Nd7 27. Ng1 Bg5 28. Bxg5
Nxg5 29. Kg2 Qf6 30. Qe2 e4 31. Qxg4 Qxc3 32. Qf4 Qe5 33. Qxe5+ dxe5 34. Nh3
Nf6 35. Nxg5 Rxg5 36. Rh6 Kg7 37. Rdh1 Rd8 38. Rxf6 Kxf6 39. Bxe4 h5 40. Kf3
Ke7 41. Ke3 Rh8 42. Rh4 Kd6 43. Rh3 f6 44. Rh1 Rgg8 45. Bf3 a5 46. Ke4 b4 47.
Rh4 Ra8 48. Bxh5 a4 49. g4 axb3 50. axb3 Ra3 51. g5 fxg5 52. Rh1 Rxb3 53. f6
Ra3 54. Kf5 b3 55. f7 Raa8 56. Kxg5 b2 57. Rb1 Rab8 58. Bf3 c4 59. Be4 c3 60.
Kf6 Rhf8 61. Kg7 Ke7 62. Bg6 Rbd8 63. Rd1 Rxf7+ 64. Bxf7 c2 0-1

[Event "EYg18, Budva YUG"]
[Site "?"]
[Date "2003.??.??"]
[Round "1"]
[White "Pogonina, N."]
[Black "Doibani, L."]
[Result "1/2-1/2"]
[WhiteElo "2340"]
[BlackElo "2050"]
[PlyCount "52"]
[EventDate "2003.??.??"]

1. e4 c5 2. Nf3 e6 3. d4 cxd4 4. Nxd4 Nf6 5. Nc3 Nc6 6. Ndb5 Bb4 7. a3 Bxc3+ 8.
Nxc3 d5 9. exd5 exd5 10. Bd3 O-O 11. O-O d4 12. Ne4 Bf5 13. Bg5 Bxe4 14. Bxe4
h6 15. Bh4 g5 16. Bxc6 bxc6 17. Bg3 Re8 18. Qf3 Ne4 19. Rad1 Qb6 20. Rfe1 Nxg3
21. hxg3 c5 22. b3 Qa5 23. Rxe8+ Rxe8 24. a4 Re1+ 25. Rxe1 Qxe1+ 26. Kh2 Qd2
1/2-1/2

[Event "EYg18, Budva YUG"]
[Site "?"]
[Date "2003.??.??"]
[Round "1"]
[White "Tuvic, N."]
[Black "Kadziolka, B."]
[Result "1/2-1/2"]
[WhiteElo "2005"]
[BlackElo "2255"]
[PlyCount "56"]
[EventDate "2003.??.??"]

1. d4 Nf6 2. c4 c5 3. d5 b5 4. cxb5 a6 5. b6 e6 6. Nc3 Bb7 7. e4 exd5 8. exd5
d6 9. Nf3 Be7 10. a4 a5 11. Bb5+ Nbd7 12. O-O O-O 13. Qb3 Nxb6 14. Rd1 Ne8 15.
Nd2 Nc7 16. Nde4 Nxb5 17. Nxb5 c4 18. Qg3 Bh4 19. Qxd6 Bxd5 20. Qf4 Qe7 21.
Ned6 Bf6 22. Be3 Be5 23. Nf5 Qf6 24. Nh6+ gxh6 25. Qxf6 Bxf6 26. Bxb6 Be6 27.
Rd2 Rfc8 28. Ra3 Rc6 1/2-1/2

[Event "EYg18, Budva YUG"]
[Site "?"]
[Date "2003.??.??"]
[Round "1"]
[White "Gregorova, Z."]
[Black "Detelic, M."]
[Result "1-0"]
[WhiteElo "2195"]
[BlackElo "1920"]
[PlyCount "151"]
[EventDate "2003.??.??"]

1. e4 e6 2. d3 d5 3. Nd2 c5 4. Ngf3 Nc6 5. g3 Nge7 6. Bg2 g6 7. O-O Bg7 8. Re1
O-O 9. e5 Qc7 10. Qe2 b6 11. Nf1 Bb7 12. Bf4 Rac8 13. c3 Qd7 14. h4 h5 15. N1h2
Rfd8 16. g4 hxg4 17. Nxg4 Kf8 18. Bg5 Qc7 19. Qd2 Ke8 20. Bf6 Bh8 21. Ng5 Nf5
22. Bxd8 Kxd8 23. Qf4 Qe7 24. Ne3 Kc7 25. Nxf5 gxf5 26. Nf3 Bg7 27. Qg5 Qxg5
28. hxg5 Rh8 29. Rac1 Ne7 30. d4 c4 31. Re3 Ng6 32. Ne1 Rh5 33. Rg3 Nf4 34. Rc2
Bc6 35. f3 Bf8 36. Bf1 Be7 37. Rh2 Rxg5 38. Rxg5 Bxg5 39. Rh7 Be8 40. Rg7 Bh4
41. Ng2 Nxg2 42. Rxg2 Be7 43. Rg8 Kd7 44. Be2 Bd8 45. f4 Ke7 46. Bh5 b5 47. Kf2
Ba5 48. Ke3 b4 49. Kd2 bxc3+ 50. bxc3 Bb6 51. Rg1 Ba4 52. Rb1 Bc6 53. Rb4 Bc7
54. Bd1 a5 55. Rb1 Kd7 56. Bh5 Ke7 57. Rg1 Kf8 58. Rh1 Bb6 59. Be2 Ke7 60. Rh8
Bc7 61. Bh5 Be8 62. Kc2 Ba4+ 63. Kb2 Be8 64. Ka3 Bb6 65. Bd1 Bc6 66. Ba4 Bd7
67. Bxd7 Kxd7 68. Ka4 Bc7 69. Rh7 Ke7 70. Kb5 Ke8 71. a4 Bd8 72. Kc6 Be7 73.
Rh8+ Bf8 74. Kb5 Ke7 75. Kxa5 f6 76. Rh7+ 1-0

[Event "EYg18, Budva YUG"]
[Site "?"]
[Date "2003.??.??"]
[Round "1"]
[White "Verot, M."]
[Black "Costantini, L."]
[Result "1/2-1/2"]
[WhiteElo "2095"]
[BlackElo "2075"]
[PlyCount "44"]
[EventDate "2003.??.??"]

1. e4 c5 2. Nf3 d6 3. d4 cxd4 4. Nxd4 Nf6 5. Nc3 a6 6. Bg5 e6 7. f4 Qc7 8. Qf3
b5 9. O-O-O Be7 10. Bd3 Bb7 11. Rhe1 Nc6 12. Nxc6 Bxc6 13. Qh3 O-O-O 14. a4 Qa5
15. axb5 axb5 16. Rd2 b4 17. Nb1 Qb6 18. Qe3 Qxe3 19. Rxe3 Ng4 20. Rg3 Bxg5 21.
Rxg4 Bf6 22. Ba6+ Kc7 1/2-1/2

[Event "EYg18, Budva YUG"]
[Site "?"]
[Date "2003.??.??"]
[Round "2"]
[White "Korbut, E."]
[Black "Gregorova, Z."]
[Result "1-0"]
[WhiteElo "2315"]
[BlackElo "2195"]
[PlyCount "53"]
[EventDate "2003.??.??"]

1. e4 d5 2. exd5 Nf6 3. d4 Nxd5 4. Nf3 g6 5. Bc4 Bg7 6. O-O O-O 7. Re1 Nc6 8.
c3 Re8 9. Ng5 e6 10. f4 Na5 11. Bf1 b6 12. Qf3 Rb8 13. Nd2 Nf6 14. b4 Nb7 15.
Nc4 Qd5 16. Qf2 h6 17. Ne5 Rf8 18. c4 Qd6 19. c5 Qd8 20. Nc6 Qe8 21. Nxb8 hxg5
22. Bb2 gxf4 23. Qxf4 Nd5 24. Qd2 c6 25. a4 Nd8 26. b5 bxc5 27. dxc5 1-0

[Event "EYg18, Budva YUG"]
[Site "?"]
[Date "2003.??.??"]
[Round "2"]
[White "Gutsko, A."]
[Black "Meshcheriakova, E."]
[Result "1-0"]
[WhiteElo "2180"]
[BlackElo "2255"]
[PlyCount "123"]
[EventDate "2003.??.??"]

1. e4 c5 2. c3 e6 3. d4 d5 4. exd5 exd5 5. Nf3 Bd6 6. dxc5 Bxc5 7. Be2 Nf6 8.
O-O Bf5 9. Bg5 Be4 10. Nbd2 O-O 11. Nb3 Bd6 12. Nbd4 Nbd7 13. Bh4 Re8 14. Bg3
Bc5 15. Nb5 Nh5 16. Bc7 Qf6 17. b4 Bf8 18. Qd2 a6 19. Ng5 Bg6 20. Nd4 Rac8 21.
Bg3 h6 22. Bxh5 Bxh5 23. Nh3 Bg4 24. Nf4 Nb6 25. h3 Bd7 26. Rfe1 Rc4 27. Rxe8
Bxe8 28. a3 Rc8 29. Qd3 Bd7 30. Rd1 g6 31. Qf3 Ba4 32. Rc1 Bg7 33. Qd3 h5 34.
Nfe2 Bh6 35. f4 h4 36. Bh2 Re8 37. Kh1 Nc4 38. Bg1 Re4 39. Rf1 Nd6 40. Bh2 Bd7
41. Ng1 Nf5 42. Nxf5 Qxf5 43. Rd1 Bc6 44. Nf3 Qh5 45. Qd2 Bg7 46. Rc1 Bf6 47.
Qa2 Bd7 48. Qf2 Bb5 49. Qb6 Kg7 50. Qxb7 Re3 51. Ne5 Bxe5 52. fxe5 Qg5 53. Rd1
Re2 54. Qxd5 Bc4 55. Qf3 Re3 56. Qf2 Rxc3 57. e6 Rc1 58. Qxf7+ Kh6 59. Bf4
Rxd1+ 60. Kh2 Rf1 61. Bxg5+ Kxg5 62. Qd7 1-0

[Event "EYg18, Budva YUG"]
[Site "?"]
[Date "2003.??.??"]
[Round "2"]
[White "Worek, J."]
[Black "Andriasian, S."]
[Result "1-0"]
[WhiteElo "2240"]
[BlackElo "2160"]
[PlyCount "91"]
[EventDate "2003.??.??"]

1. d4 Nf6 2. g3 d5 3. Bg2 e6 4. Nf3 c5 5. O-O Nc6 6. e3 Be7 7. b3 O-O 8. Bb2 b6
9. c4 Bb7 10. Qe2 Ne4 11. Rd1 Bf6 12. Ne5 Qe7 13. Ng4 Rfd8 14. Nxf6+ Nxf6 15.
cxd5 exd5 16. dxc5 bxc5 17. Nc3 Ne5 18. Na4 c4 19. bxc4 Nxc4 20. Bd4 Bc6 21.
Nc3 Rab8 22. Rab1 Ne5 23. Qa6 Rbc8 24. Ne2 Nc4 25. Rb3 Ne4 26. Nf4 Nc5 27. Bxc5
Qxc5 28. Bxd5 Bxd5 29. Rxd5 Rxd5 30. Nxd5 Rd8 31. Rb5 Qd6 32. Qb7 Ne5 33. Ne7+
Kf8 34. Nf5 Qf6 35. Nd4 g6 36. Qc7 Nd3 37. Qc2 Ne1 38. Qd1 Rxd4 39. exd4 Nf3+
40. Kg2 Nxd4 41. Rd5 Ne6 42. Qf3 Qb2 43. h4 Qxa2 44. Rd7 Nc5 45. Rc7 Na4 46.
Qf6 1-0

[Event "EYg18, Budva YUG"]
[Site "?"]
[Date "2003.??.??"]
[Round "2"]
[White "Vozovic, O."]
[Black "Bashkite, V."]
[Result "1-0"]
[WhiteElo "2360"]
[BlackElo "2115"]
[PlyCount "69"]
[EventDate "2003.??.??"]

1. e4 e6 2. d4 d5 3. Nc3 Nf6 4. Bg5 dxe4 5. Nxe4 Nbd7 6. Nf3 h6 7. Nxf6+ Nxf6
8. Bh4 c5 9. dxc5 Qxd1+ 10. Rxd1 Bxc5 11. Ne5 a6 12. Rd8+ Kxd8 13. Nxf7+ Ke8
14. Nxh8 g5 15. Bg3 Ne4 16. Ng6 Bd4 17. c3 Nxg3 18. hxg3 Bg7 19. f4 Kf7 20.
Ne5+ Bxe5 21. fxe5 Kg7 22. Bd3 Bd7 23. Rf1 Be8 24. Rf6 Bf7 25. Bc4 Re8 26. a4
h5 27. a5 Kf8 28. Be2 Ke7 29. Rxf7+ Kxf7 30. Bxh5+ Ke7 31. Bxe8 Kxe8 32. Ke2
Kd7 33. Kd3 Kc6 34. Kc4 b5+ 35. Kd4 1-0

[Event "EYg18, Budva YUG"]
[Site "?"]
[Date "2003.??.??"]
[Round "2"]
[White "Doibani, L."]
[Black "Motoc, A."]
[Result "0-1"]
[WhiteElo "2050"]
[BlackElo "2385"]
[PlyCount "74"]
[EventDate "2003.??.??"]

1. e4 c5 2. Nf3 d6 3. d4 cxd4 4. Nxd4 Nf6 5. Nc3 a6 6. Be2 e5 7. Nb3 Be7 8. O-O
O-O 9. Kh1 Nc6 10. a4 Nb4 11. f4 Be6 12. Bf3 Rc8 13. Be3 d5 14. fxe5 Nxe4 15.
Bxe4 dxe4 16. Nd4 Bc4 17. Qg4 Bxf1 18. Rxf1 h5 19. Qxh5 Nd5 20. Nxd5 Qxd5 21.
Nf5 Qe6 22. Qg4 g6 23. Nh6+ Kh7 24. Qxe4 f6 25. Rd1 Rcd8 26. Rxd8 Rxd8 27. h3
Rd1+ 28. Kh2 Qxe5+ 29. Qxe5 fxe5 30. Ng4 Rb1 31. b3 Rb2 32. Nxe5 Rxc2 33. Nc4
Rc3 34. a5 Rxb3 35. Bb6 Rc3 36. Ne3 Bd6+ 37. Kg1 Bc5 0-1

[Event "EYg18, Budva YUG"]
[Site "?"]
[Date "2003.??.??"]
[Round "2"]
[White "Seps, M."]
[Black "Pogonina, N."]
[Result "0-1"]
[WhiteElo "2075"]
[BlackElo "2340"]
[PlyCount "66"]
[EventDate "2003.??.??"]

1. e4 c5 2. Nf3 d6 3. d4 cxd4 4. Nxd4 Nf6 5. Nc3 g6 6. Be3 Bg7 7. f3 O-O 8. Qd2
Nc6 9. O-O-O Nxd4 10. Bxd4 Be6 11. Nd5 Bxd5 12. exd5 Qc7 13. h4 Rac8 14. Bd3 e5
15. dxe6 fxe6 16. h5 Nxh5 17. Bxg7 Qxg7 18. Rh4 Qf6 19. Rdh1 Rc7 20. Rc4 Rxc4
21. Bxc4 d5 22. Bb3 Qf4 23. Re1 Kf7 24. Re3 Ng3 25. Re1 Qxd2+ 26. Kxd2 Kf6 27.
c3 g5 28. Ke3 h5 29. f4 Nf5+ 30. Kf3 gxf4 31. Kxf4 Rg8 32. Rh1 Rg3 33. Bxd5 e5+
0-1

[Event "EYg18, Budva YUG"]
[Site "?"]
[Date "2003.??.??"]
[Round "2"]
[White "Kadziolka, B."]
[Black "Partington, A."]
[Result "1-0"]
[WhiteElo "2255"]
[BlackElo "2065"]
[PlyCount "63"]
[EventDate "2003.??.??"]

1. d4 d5 2. c4 e6 3. Nf3 c5 4. cxd5 exd5 5. Nc3 Nc6 6. g3 Nf6 7. Bg2 Be7 8. O-O
O-O 9. Bg5 cxd4 10. Nxd4 h6 11. Bf4 a6 12. Rc1 Re8 13. h3 Bf8 14. Qd2 Be6 15.
Nxc6 bxc6 16. Na4 Rc8 17. b4 Bd7 18. Be3 Ne4 19. Qd4 Bd6 20. a3 Rb8 21. Nc5
Bxc5 22. bxc5 Qa5 23. Kh2 Qxa3 24. Ra1 Qb2 25. Rxa6 Qxe2 26. Ra7 Bf5 27. Rfa1
Rb2 28. Ra8 Rxa8 29. Rxa8+ Kh7 30. Qe5 Bg6 31. Bd4 f6 32. Qe6 1-0

[Event "EYg18, Budva YUG"]
[Site "?"]
[Date "2003.??.??"]
[Round "2"]
[White "Costantini, L."]
[Black "Vasic, M."]
[Result "0-1"]
[WhiteElo "2075"]
[BlackElo "2175"]
[PlyCount "90"]
[EventDate "2003.??.??"]

1. e4 c5 2. Nc3 Nc6 3. d3 g6 4. g3 Bg7 5. Bg2 e6 6. Be3 d6 7. Qd2 Rb8 8. Nge2
b5 9. O-O b4 10. Nd1 Nd4 11. Nc1 a5 12. c3 Nb5 13. Ne2 Ba6 14. f4 Ne7 15. f5
exf5 16. exf5 Nxf5 17. Bc6+ Kf8 18. Bg5 Qc8 19. Bd5 Bb7 20. Ne3 Bxd5 21. Nxd5
Nc7 22. Rxf5 gxf5 23. Nef4 Nxd5 24. Nxd5 Qe6 25. c4 Bd4+ 26. Kh1 h6 27. Re1 Qg6
28. Be7+ Kg7 29. Qf4 Qg4 30. Bxd6 Rbe8 31. Be7 Bxb2 32. Kg2 Qxf4 33. gxf4 Bd4
34. Kf3 f6 35. Nc7 Rc8 36. Bd6 Kg6 37. Re2 Rhd8 38. Rg2+ Kf7 39. Nb5 Re8 40.
Nxd4 cxd4 41. Rd2 Re3+ 42. Kg2 Ke6 43. c5 Rg8+ 44. Kf2 Rh3 45. Kf1 a4 0-1

[Event "EYg18, Budva YUG"]
[Site "?"]
[Date "2003.??.??"]
[Round "2"]
[White "Mijovic, A."]
[Black "Svent, S."]
[Result "0-1"]
[WhiteElo "2085"]
[BlackElo "1960"]
[PlyCount "46"]
[EventDate "2003.??.??"]

1. e4 c5 2. Nf3 d6 3. d4 cxd4 4. Nxd4 Nf6 5. Nc3 a6 6. Be3 e5 7. Nb3 Be6 8. f3
Be7 9. Qd2 O-O 10. O-O-O Qc7 11. g4 Nbd7 12. g5 Nh5 13. Kb1 Rfc8 14. Bd3 Nb6
15. Ne2 Nc4 16. Bxc4 Qxc4 17. Rc1 a5 18. Rcd1 a4 19. Nbc1 b5 20. Ng3 Nf4 21. h4
a3 22. b3 Qc3 23. Bxf4 Qb2# 0-1

[Event "EYg18, Budva YUG"]
[Site "?"]
[Date "2003.??.??"]
[Round "2"]
[White "Elek, M."]
[Black "Bronnikova, E."]
[Result "0-1"]
[WhiteElo "1975"]
[BlackElo "2270"]
[PlyCount "84"]
[EventDate "2003.??.??"]

1. e4 d6 2. d4 Nf6 3. Nc3 g6 4. Be3 c6 5. f3 b5 6. Bd3 Qc7 7. Qd2 Nbd7 8. g4 h6
9. h4 Nb6 10. Nh3 Bg7 11. g5 hxg5 12. Nxg5 Bb7 13. Qg2 e5 14. dxe5 dxe5 15. a3
O-O-O 16. O-O-O Kb8 17. Kb1 Nh5 18. Ne2 Rd7 19. Nc1 Rhd8 20. Be2 Nf4 21. Qf2
Bc8 22. Nb3 Rxd1+ 23. Rxd1 Nxe2 24. Rxd8 Qxd8 25. Bxb6 axb6 26. Qxe2 f6 27. Nh7
Qg8 28. Qd2 Kc7 29. Ng5 fxg5 30. Qxg5 Qf7 31. Nc1 Bf6 32. Qg3 Qe6 33. Nd3 Bd7
34. Qxg6 Bxh4 35. Qxe6 Bxe6 36. Nxe5 Bg3 37. Nd3 Bc4 38. Kc1 Bxd3 39. cxd3 Kd6
40. Kd2 Ke5 41. Ke3 Bf4+ 42. Ke2 Kd4 0-1

[Event "EYg18, Budva YUG"]
[Site "?"]
[Date "2003.??.??"]
[Round "2"]
[White "Detelic, M."]
[Black "Vranesevic, D."]
[Result "1/2-1/2"]
[WhiteElo "1920"]
[BlackElo "2045"]
[PlyCount "37"]
[EventDate "2003.??.??"]

1. d4 Nf6 2. Nf3 e6 3. c4 b6 4. g3 Ba6 5. Nbd2 c5 6. Bg2 Bb7 7. O-O Be7 8. b3
O-O 9. Bb2 Qc7 10. Qc2 Nc6 11. Rac1 Rac8 12. Rfd1 Nxd4 13. Nxd4 cxd4 14. Bxb7
Qxb7 15. Bxd4 Ba3 16. Bb2 Bxb2 17. Qxb2 d5 18. cxd5 Nxd5 19. Nf3 1/2-1/2

[Event "EYg18, Budva YUG"]
[Site "?"]
[Date "2003.??.??"]
[Round "2"]
[White "Belko, I."]
[Black "Haecker, S."]
[Result "1/2-1/2"]
[WhiteElo "2015"]
[BlackElo "1985"]
[PlyCount "90"]
[EventDate "2003.??.??"]

1. d4 d5 2. Nf3 Nf6 3. e3 c6 4. h3 e6 5. Bd3 Nbd7 6. b3 Bd6 7. Bb2 O-O 8. Ne5
Qc7 9. f4 Re8 10. Nd2 Nf8 11. Qe2 N6d7 12. O-O f6 13. Nxd7 Bxd7 14. Nf3 Re7 15.
c4 b6 16. Rac1 Qb8 17. a3 c5 18. Rfd1 Be8 19. Bc2 Bf7 20. g3 Nd7 21. Qf2 e5 22.
dxe5 fxe5 23. cxd5 Qb7 24. Ng5 Nf6 25. Nxf7 Kxf7 26. Rd2 Kg8 27. Rcd1 Rf8 28.
Qg2 Nh5 29. Rf1 exf4 30. exf4 Rfe8 31. Qf3 g6 32. Qc3 Ng7 33. Rf3 Re1+ 34. Kg2
Bf8 35. Qd3 Nf5 36. Be5 Bg7 37. Bxg7 Qxg7 38. d6 Qd7 39. Qd5+ Kh8 40. Bxf5 gxf5
41. b4 Rc1 42. Rf1 Rc3 43. Rf3 Rc1 44. Rf1 Rc3 45. Rf3 Rc1 1/2-1/2

[Event "EYg18, Budva YUG"]
[Site "?"]
[Date "2003.??.??"]
[Round "3"]
[White "Worek, J."]
[Black "Korbut, E."]
[Result "0-1"]
[WhiteElo "2240"]
[BlackElo "2315"]
[PlyCount "64"]
[EventDate "2003.??.??"]

1. f4 g6 2. Nf3 Bg7 3. g3 b6 4. Bg2 Bb7 5. O-O e6 6. d3 Ne7 7. e4 d6 8. c3 Nd7
9. Be3 h6 10. Nbd2 O-O 11. Nh4 Qe8 12. Nb3 c5 13. Qd2 Rb8 14. Rae1 Nf6 15. h3
c4 16. Nc1 cxd3 17. Qxd3 d5 18. e5 Ne4 19. g4 Qc8 20. Rf3 g5 21. Bf2 gxh4 22.
Bxh4 Ng6 23. Bf2 f6 24. Ne2 fxe5 25. f5 exf5 26. gxf5 Rxf5 27. Rxf5 Qxf5 28.
Rf1 Qe6 29. Bg3 Nxg3 30. Qxg3 Rf8 31. Re1 Qf6 32. Rd1 Nf4 0-1

[Event "EYg18, Budva YUG"]
[Site "?"]
[Date "2003.??.??"]
[Round "3"]
[White "Ciobanu, C."]
[Black "Gutsko, A."]
[Result "0-1"]
[WhiteElo "2250"]
[BlackElo "2180"]
[PlyCount "110"]
[EventDate "2003.??.??"]

1. e4 c6 2. d4 d5 3. Nc3 dxe4 4. Nxe4 Nd7 5. Ng5 Ngf6 6. Bd3 e6 7. N1f3 Bd6 8.
Qe2 h6 9. Ne4 Nxe4 10. Qxe4 Nf6 11. Qe2 b6 12. Bd2 Bb7 13. O-O-O Qc7 14. Kb1
O-O-O 15. c4 c5 16. Bc3 Rhe8 17. dxc5 Bxc5 18. Bc2 Rxd1+ 19. Rxd1 Rd8 20. Rxd8+
Qxd8 21. Ne5 Qe7 22. f4 g6 23. g4 Nd7 24. Nxd7 Qxd7 25. Bg7 Qc6 26. Bxh6 Qh1+
27. Bd1 Bg1 28. Bg5 Qe4+ 29. Qxe4 Bxe4+ 30. Bc2 Bf3 31. h3 Be3 32. h4 Bxg4 33.
Be4 Bf5 34. Bxf5 exf5 35. Kc2 Kd7 36. Kd3 Bf2 37. b4 Ke6 38. Ke2 Bg3 39. b5 f6
40. Bh6 Bxh4 41. Bf8 Bg3 42. Kf3 Be1 43. c5 Bd2 44. a4 g5 45. fxg5 fxg5 46. c6
Bf4 47. Bb4 Bc7 48. Bc3 Kd5 49. Bf6 g4+ 50. Ke3 f4+ 51. Kd3 g3 52. Bh4 f3 53.
Ke3 f2 54. Ke2 Kc4 55. Be7 Kb3 0-1

[Event "EYg18, Budva YUG"]
[Site "?"]
[Date "2003.??.??"]
[Round "3"]
[White "Motoc, A."]
[Black "Papadopoulou, V."]
[Result "1/2-1/2"]
[WhiteElo "2385"]
[BlackElo "2210"]
[PlyCount "83"]
[EventDate "2003.??.??"]

1. d4 Nf6 2. c4 c5 3. d5 b5 4. cxb5 a6 5. bxa6 g6 6. Nc3 Bxa6 7. e4 Bxf1 8.
Kxf1 d6 9. g3 Bg7 10. Kg2 O-O 11. Nf3 Nbd7 12. Re1 Qb6 13. h3 Rfb8 14. Re2 Qa6
15. Bg5 h6 16. Bxf6 Bxf6 17. Rc1 Ne5 18. Nxe5 Bxe5 19. f4 Bd4 20. b3 Rb4 21.
Nb1 Bg7 22. Qc2 Rab8 23. Ree1 c4 24. Nd2 cxb3 25. axb3 Qb5 26. Re3 h5 27. Qd3
Qa5 28. Rc4 R4b7 29. Ra4 Qc5 30. Re1 Qc3 31. Re3 Qb2 32. Re2 Qc3 33. Qe3 Qb2
34. Rc4 Qa1 35. Qg1 Qb2 36. Qd1 Qa3 37. Qc2 Rxb3 38. Rc8+ Kh7 39. Rxb8 Rxb8 40.
Nc4 Qa1 41. Qa2 Qd4 42. Na5 1/2-1/2

[Event "EYg18, Budva YUG"]
[Site "?"]
[Date "2003.??.??"]
[Round "3"]
[White "Vasic, M."]
[Black "Vozovic, O."]
[Result "1/2-1/2"]
[WhiteElo "2175"]
[BlackElo "2360"]
[PlyCount "189"]
[EventDate "2003.??.??"]

1. d4 Nf6 2. c4 c5 3. d5 b5 4. cxb5 a6 5. bxa6 g6 6. Nc3 Bxa6 7. e4 Bxf1 8.
Kxf1 d6 9. g3 Bg7 10. Kg2 O-O 11. Nf3 Nbd7 12. Re1 Qa5 13. Re2 Ng4 14. Rc2 Rfb8
15. Nd2 Ngf6 16. Rb1 Ne8 17. Nc4 Qa6 18. b3 Nb6 19. Nxb6 Rxb6 20. Bb2 Rb4 21.
Qe1 Nc7 22. Na4 Nb5 23. Bxg7 Kxg7 24. Rbc1 Na3 25. Re2 Rab8 26. Nb2 Kg8 27. Rd2
R8b5 28. Qe2 Ra5 29. Qxa6 Rxa6 30. Kf3 Kg7 31. Ke3 f5 32. f3 Kf6 33. h4 h5 34.
Nc4 Nxc4+ 35. Rxc4 Rxc4 36. bxc4 Ra3+ 37. Rd3 Rxa2 38. Rc3 Rg2 39. Kf4 fxe4 40.
fxe4 Rf2+ 41. Ke3 Rf1 42. Ke2 Rg1 43. Kf2 Ra1 44. Rf3+ Ke5 45. Rf7 Ra7 46. Ke3
Rc7 47. Kd3 Rb7 48. Ke3 Ra7 49. Kd3 Ra3+ 50. Ke2 Kxe4 51. Rxe7+ Kd4 52. Re6
Rxg3 53. Rxd6 Kxc4 54. Rd8 Rg4 55. d6 Re4+ 56. Kf3 Rd4 57. d7 Kd3 58. Rc8 Rxd7
59. Rxc5 Rf7+ 60. Kg3 Ke4 61. Rc4+ Kd5 62. Rc1 Ra7 63. Re1 Ra4 64. Re8 Rg4+ 65.
Kh3 Re4 66. Rg8 Re6 67. Kg3 Ke4 68. Ra8 Kf5 69. Kf3 Rb6 70. Ra5+ Kf6 71. Ra4
Rb5 72. Rc4 Kf5 73. Rf4+ Ke5 74. Re4+ Kf6 75. Ra4 Rb3+ 76. Kg2 Kf5 77. Rc4 Re3
78. Ra4 Re4 79. Ra5+ Kf4 80. Ra6 Kf5 81. Ra5+ Kg4 82. Rg5+ Kxh4 83. Rxg6 Re2+
84. Kf3 Ra2 85. Rg1 Ra3+ 86. Kg2 Ra2+ 87. Kf3 Ra3+ 88. Kg2 Rg3+ 89. Kh2 Rh3+
90. Kg2 Kg4 91. Ra1 Rg3+ 92. Kh2 Re3 93. Ra4+ Kf3 94. Rb4 Re5 95. Kh3 1/2-1/2